A quels milliardaires appartiennent ces titres de presse français ? - Statistiques

Statistiques générales
  • Ce quiz a été pris 33 fois
  • Le résultat moyen est 7 sur 18
Statistiques - réponses
Hint Réponse % Correct
Le Parisien Arnault
75%
Le Journal du Dimanche Bolloré
75%
Le Monde Niel
75%
Paris Match Arnault
56%
Les Echos Arnault
50%
Le Monde diplomatique Niel
50%
Courrier International Niel
44%
Le Figaro Dassault
38%
Libération Drahi
38%
L'Obs Niel
31%
Le HuffPost Niel
31%
Capital Bolloré
25%
Marianne Kretinsky
25%
Le Point Pinault
25%
L'Express Weill
13%
Challenges Perdriel
6%
La Tribune Saadé
6%
Valeurs Actuelles Safa
6%
Aucun quiz correspondant
Distribution des résultats
% des personnes avec chaque résultat
Percentile par nombre de réponses
Votre historique - résultats
Vous n’avez pas pris ce quiz